|
|
|
|
| LEADER |
00000nam1a2200000 4500 |
| 001 |
291226 |
| 005 |
20231101000347.0 |
| 035 |
|
|
|a (RuTPU)RU\TPU\book\315791
|
| 035 |
|
|
|a RU\TPU\book\336953
|
| 035 |
|
|
|a RU\TPU\book\356306
|
| 090 |
|
|
|a 291226
|
| 100 |
|
|
|a 20170405d1966 k y0rusy5003 ca
|
| 101 |
0 |
|
|a rus
|
| 102 |
|
|
|a RU
|
| 200 |
1 |
|
|a Сборник работ по химическим источникам тока
|e [сборник статей]
|f Всесоюзный научно-исследовательский проектно-конструкторский и технологический аккумуляторный институт (ВНИАИ)
|
| 210 |
|
|
|a Ленинград
|c Энергоиздат
|d 1966-1981
|
| 712 |
0 |
2 |
|a Всесоюзный научно-исследовательский проектно-конструкторский и технологический аккумуляторный институт (ВНИАИ)
|c (Ленинград)
|2 stltpush
|3 (RuTPU)RU\TPU\col\14366
|
| 801 |
|
1 |
|a RU
|b 63413507
|c 20150413
|
| 801 |
|
2 |
|a RU
|b 63413507
|c 20170425
|g RCR
|
| 942 |
|
|
|c BK
|